000 002680000a22000970004500
100 1 _aHuegel, Joel
245 1 0 _aReflections on romance and the cross
300 _aVol. 77, Num 3 (Julio-Septiembre, 1997), Páginas 6-8
773 0 _tLatin America Evangelist
942 _cANA
999 _c55086
_d55086